Music Quiz

Random Music or Singers Quiz

Are You Ready to Rock? III Quiz Stats

 Plays Quiz Updated Aug 11, 2014

Support Sporcle.
Go Orange.
Score 0/20 Timer 05:00
8 Plays Today
% Correct
ZZ Top
96.4%
Fleetwood Mac
73.4%
Crosby, Stills, Nash and Young
59.4%
Jethro Tull
54.9%
Rush
53.2%
Duran Duran
46.4%
Mötley Crüe
46.4%
Lynyrd Skynyrd
45.5%
Genesis
40.7%
Creedence Clearwater Revival
38%
% Correct
Audioslave
35.7%
Soundgarden
34.1%
Dire Straits
33.1%
Queens of the Stone Age
28%
Kings of Leon
26.6%
Cream
26%
Steely Dan
22.4%
Nine Inch Nails
19.7%
Alice in Chains
18%
Foreigner
10.1%

You're not logged in!

Compare scores with friends on all Sporcle quizzes.
OR
Log In

From the Vault

Which One's the Oldest?

by BoggelTeam

If you need help, ask your grandparents.
Remove Ads.
Support Sporcle.
Get the best of Sporcle when you Go Orange. This ad-free experience offers more features, more stats, and more fun while also helping to support Sporcle. Thank you for becoming a member.

Show Comments

Extras

Top Quizzes Today


Score Distribution

Your Account Isn't Verified!

In order to create a playlist on Sporcle, you need to verify the email address you used during registration. Go to your Sporcle Settings to finish the process.

Report this User

Report this user for behavior that violates our Community Guidelines.

Details: